000 00769nam a2200253Ia 4500
003 OSt
005 20221005035155.0
006 a|||||r|||| 00| 0
007 ta
008 221004b |||||||| |||| 00| 0 eng d
020 _a8170309417 (hbk)
_c800
024 _a9772
037 _b332, 08/02/2014, Eastern Book Linkers
_cTextual
040 _aCRL
_cCRL
_beng
041 _2eng
_aeng
082 _aQ2:23, Q3
100 _aSuresh Padmaja
_9588055
245 0 _aTantra the science and natya the art the two faceted reality
260 _aDelhi
_bIndian Books Centre India
_c2013
300 _ax,216p.
_ccm.
650 _aRELIGION
942 _hQ2:23, Q3
_cTEXL
_2cc
999 _c944755
_d944755